Atatürk General Knowledge - Statistics

General Stats
  • This quiz has been taken 21 times
  • The average score is 14 of 25
Answer Stats
Hint Answer % Correct
Din ve devlet işlerinin birbirinden ayrılması anlamına gelen Atatürk ilkesi hangisidir? Laiklik
85%
Atatürk’ün Türk bağımsızlık mücadelesini ve yeni Türkiye’nin kuruluşunu belgelere dayandırarak anlattığı önemli yazılı eseri hangisidir? Nutuk
85%
Mustafa Kemal Atatürk nerede vefat etmiştir? Dolmabahçe Sarayı
80%
Kurmay Yüzbaşı Mustafa Kemal öğrenimini tamamladıktan sonra 5 Ağustos 1905 tarihinde göreve başlamıştır. Atatürk’ün ilk görev yeri neresidir? Şam
80%
Atatürk'ün kurduğu partinin ismi nedir? Cumhuriyet Halk Partisi
75%
Atatürk’ün ”En büyük eserim” diyerek tanımladığı eseri hangisidir? Türkiye Cumhuriyeti
75%
I. Dünya Savaşı sırasında açılan cephelerden hangisi Atatürk’ün liderlik özelliklerini ortaya çıkararak Mustafa Kemal’i ulusal ve uluslararası üne kavuşturmuştur? Çanakkale Cephesi
70%
Atatürk "Ben Size Savaşmayı Değil, Ölmeyi Emrediyorum." Sözünü Hangi Cephede Söylemiştir? Çanakkale Cephesi
70%
Atatürk'le beraber mareşal ünvanını alan kişi kimdir? Fevzi Çakmak
70%
«Ey Türk İstikbalinin evladı! İşte, bu ahval ve şerait içinde dahi, vazifen; Türk İstiklal ve Cumhuriyetini kurtarmaktır. Muhtaç olduğun kudret, damarlarındaki asil kanda mevcuttur.» Bu Seslenişi İçeren Kaynak Nedir? Gençliğe Hitabe
70%
Türkiye Cumhuriyeti'nin kuruluş yıllarında ekonomik alanında kalkınmayı, sanayileşmeyi ve milli gelirin artmasını sağlayan Atatürk ilkesi hangisidir? Devletçilik
65%
Atatürk hangi ilimizin nüfusuna kayıtlıdır? Gaziantep
65%
Atatürk bir konuşmasında; “Karşıya bakan birinin yalnız önünü görmesi yetmez, ufkun ötesini de görmeli” demiştir. Burada Atatürk’ün hangi kişisel özelliği üzerinde durulmuştur? İleri Görüşlülük
60%
Atatürk’ün manevi kızlarından biri olan ve aynı zamanda dünyanın ilk kadın savaş pilotu sayılan kişinin ismi nedir? Sabiha Gökçen
60%
Atatürk ilk askeri başarısını hangi savaşta elde etmiştir? Trablusgarp
60%
Hangi Atatürk ilesi Atatürkçü düşüncenin dinamik bir öğreti olmasını sağlamış onun güncel sorunları çözme kabiliyetini öne çıkarmıştır? İnkılapçılık
55%
Atatürk’ün babası olan Ali Rıza Bey’in mesleği nedir? Gümrük Memuru
50%
Kurtuluş Savaşı'nı Başlatan Olay Nedir? Atatürk'ün Samsun'a Çıkışı
45%
Mustafa Kemal'e hangi savaştan sonra "gazilik ve mareşallik" unvanı verilmiştir? Sakarya Meydan Muharebesi
45%
Atatürk’ün “Ömür boyu yoldaş” olarak seçtiği ve hayatının sonuna kadar yaverliğini yapan kişi kimdir? Salih Bozok
45%
Atatürk "Ordular ilk hedefiniz Akdeniz’dir, ileri!” sözünü hangi savaşta söylemiştir? Büyük Taarruz Savaşı
40%
Matematik öğretmeni Yüzbaşı Mustafa Bey’in, öğrencisi Mustafa’nın başarılarından etkilenerek ona ''Kemal'' adını verdiği okulun adı nedir? Selanik Askeri Rüştiyesi
35%
1905 yılında Harp Akademisinden mezun olan Mustafa Kemal hangi rütbeye sahiptir? Kurmay Yüzbaşı
30%
Atatürk’ün milli mücadele hakkında halkı bilgilendirmek ve kamuoyu oluşmasını sağlamak amacı ile Sivas’ta kurduğu gazetenin ismi nedir? İrade-i Milliye
10%
Mustafa Kemal'in Ben inkılap ruhunu ondan aldım diye söz ettiği yazar kimdir? Tevfik Fikret
10%
No matching quizzes found
Score Distribution
Percent of People with Each Score
Percentile by Number Answered
Your Score History
You have not taken this quiz